000 00754nam a2200253 a 4500
001 000039175
003 DO-SdBNP
005 20240530073921.0
007 ta
008 130509s2004 dr r 000 f spa d
040 _aDO-SdBNP
_bspa
_cBNPHU
082 4 _aRD863.44
_bM828co, 2004
_222
100 1 _aMorales, Jesús
_910875
245 1 0 _aCondenados a vivir /
_cJesús Morales.
250 _a3a. ed.
260 _aSanto Domingo :
_bCentenario,
_c2004.
300 _a100 p. ;
_c22 cm.
500 _aIncluye datos biográficos del autor en la solapa de la cubierta
590 _aInventariado, 2018/BT
650 0 _aNovela dominicana
_9223
650 0 _aLiteratura dominicana.
_967
910 _aValidado. Control de calidad. MFF
942 _2ddc
_cLBS1
999 _c38665
_d38665